000
00288nam a22001217a 4500
008
171221b xxu||||| |||| 00| 0 eng d
041
_a
eng
080
_a
617
100
_a
8
101
_a
OFT
245
_a
THE OF HANDBOOK OF EXTERNAL DISEASES OF THE EYE
_c
BOHIGIAN,G.M
942
_2
udc
_c
BK
999
_c
39279
_d
39279